|
|
|
|
| LEADER |
01690nam a2200325 a 4500 |
| 001 |
28709 |
| 003 |
BD-DhAAL |
| 008 |
141221r20112007bg b 000 1 eng d |
| 999 |
|
|
|c 33320
|d 33320
|
| 010 |
|
|
|a 96145381
|
| 020 |
|
|
|a 9847002000192
|
| 040 |
|
|
|a DLC
|c DLC
|d DLC
|d BD-DhAAL
|
| 082 |
0 |
0 |
|a 823.8
|
| 100 |
1 |
|
|a Brontë, Emily,
|d 1818-1848.
|9 6449
|
| 245 |
1 |
0 |
|a Wuthering heights /
|c Emily Brontë ; with a great detail introduction by FBC editorial board
|
| 260 |
|
|
|a Dhaka :
|b Friends' Book Corner,
|c 2007, 2010 [reprinted 2011].
|
| 300 |
|
|
|a lxiii, 424 pages ;
|c 20 cm.
|
| 504 |
|
|
|a Includes bibliographical references (pages 335-336).
|
| 541 |
|
|
|a Donated By Akbar Ali Khan
|e 28709, 39509
|
| 650 |
|
0 |
|a Triangles (Interpersonal relations)
|v Fiction.
|9 6096
|
| 650 |
|
0 |
|a Rejection (Psychology)
|v Fiction.
|9 6450
|
| 650 |
|
0 |
|a Rural families
|v Fiction.
|9 6451
|
| 650 |
|
0 |
|a Foundlings
|v Fiction.
|9 6452
|
| 650 |
|
0 |
|a English literature.
|9 51229
|
| 651 |
|
0 |
|a Yorkshire (England)
|v Fiction.
|9 6453
|
| 852 |
4 |
|
|a Ayesha Abed Library
|c General Stacks
|
| 942 |
|
|
|2 ddc
|c BK
|
| 952 |
|
|
|0 0
|1 0
|2 ddc
|4 0
|6 823_800000000000000_BRO
|7 0
|9 44503
|a BRACUL
|b BRACUL
|c GEN
|d 2014-12-21
|e BRAC Institute of Language (BIL)
|l 14
|m 96
|o 823.8 BRO
|p 3010028709
|q 2026-06-02
|r 2026-03-29
|s 2026-03-29
|t 1
|w 2014-12-21
|y BK
|x Transferred from BIL to BRACUL on 06/06/22
|
| 952 |
|
|
|0 0
|1 0
|2 ddc
|4 0
|6 823_000000000000000__8_BRO
|7 0
|9 56675
|a SCL
|b SCL
|c GEN
|d 2015-11-08
|g 80.00
|l 11
|m 32
|o 823.8 BRO
|p 3020007264
|r 2026-04-29
|s 2026-03-29
|t 2
|w 2015-11-08
|y BK
|
| 952 |
|
|
|0 0
|1 0
|2 ddc
|4 0
|6 823_800000000000000_BRO
|7 1
|9 71774
|a BRACUL
|b BRACUL
|c AAKC
|d 2022-09-04
|e Donated by Akbar Ali Khan
|l 1
|m 1
|o 823.8 BRO
|p 3010039509
|r 2026-03-05
|s 2026-02-25
|t 3
|w 2022-09-04
|y BK
|